Normal view
MARC view
- Akbar Waheed.
Entry Personal Name
001 - CONTROL NUMBER
- control field: 30692
003 - CONTROL NUMBER IDENTIFIER
- control field: NUST
005 - DATE AND TIME OF LATEST TRANSACTION
- control field: 20200923153143.0
008 - FIXED-LENGTH DATA ELEMENTS
- fixed length control field: 200923|| aca||aabn | a|a d
040 ## - CATALOGING SOURCE
- Original cataloging agency: NUST
- Transcribing agency: NUST
100 ## - HEADING--PERSONAL NAME
- Personal name: Akbar Waheed.
670 ## - SOURCE DATA FOUND
- Source citation: Work cat.: (NUST): Muhammd Wasiullah Khan. 30691, ROLE OF VERAPAMIL IN THE PREVENTION OF NSAIDs INDUCED GASRTOPATHY ALONE AND IN COMBINATON WITH RANITIDINE IN RABBITS /, 2016.
